000 02684nam0a2200337 i 4500
001 RU\NLR\BIBL_A\010903683
005 20260419063243.0
010 _a9785979513973
_950
021 _aRU
_b2015-83864
_95120
035 _a(NILC)RuMoRGB-008055015
035 _a(NLR Aleph) 010903683
090 _a10603775
_c10603775
100 _a20151119d2014 km y0rusy50 ca
101 0 _arus
102 _aRU
105 _aa|||z|||100yy
200 1 _aМеждународная школа-семинар "Парадигмы интернационализма, исторический опыт и перспективы развития патриотического воспитания", 18-20 ноября 2014 г., Ульяновск
_eсборник научных трудов
210 _aУльяновск
_cУлГТУ
_d2014
215 _a323 с.
_cил.
_d20
300 _aВ надзаг.: М-во образования и науки Рос. Федерации, Федер. гос. бюджет. образоват. учреждение высш. проф. образования "Ульян. гос. техн. ун-т", Ин-т дистанц. и доп. образования УлГТУ, Федер. гос. бюджет. образоват. учреждение высш. проф. образования "Ульян. гос. пед. ун-т им. И.Н. Ульянова", Федер. гос. бюджет. науч. учреждение "Центр исслед. пробл. воспитания, формирования здорового образа жизни, профилактики наркомании, соц.-пед. поддержки детей и молодежи", Акад. образования Великобритании (Лондон)
320 _aБиблиогр. в конце ст.
606 _aУчащиеся
_xВоспитание гражданственности
_jСъезды, совещания и т.п
_3RU\NLR\AUTH\661494794
_92522746
606 1 _aУчащиеся
_jСъезды, совещания и т.п
_xВоспитание культуры межнациональных отношений
_92142036
_3RU\NLR\AUTH\661595483
675 _a159.9
686 1 _aЧ313.521.3я431
710 1 2 _a"Парадигмы интернационализма, исторический опыт и перспективы развития патриотического воспитания", международная школа-семинар
_eУльяновск
_f2014
_9492779
_3RU\NLR\AUTH\880413772
801 0 _aRU
_bРГБ
_c20151028
_gRCR
942 _cBOOK
980 _aNBR